[Event "CAN-ch U10"]
[Site "Vancouver"]
[Date "2012.07.05"]
[Round "6"]
[White "Zhang, Clark"]
[Black "Smyth, Ryan"]
[Result "1-0"]
[WhiteElo "1013"]
[BlackElo "1110"]
[PlyCount "51"]
[EventDate "2012.07.03"]
[EventType "swiss"]
[EventRounds "7"]
[EventCountry "CAN"]
[SourceTitle "EXT 2022"]
[Source "ChessBase"]
[SourceDate "2021.10.06"]
[SourceVersion "1"]
[SourceVersionDate "2021.10.06"]
[SourceQuality "1"]

1. e4 c5 2. Nf3 Nc6 3. Bc4 e5 4. d3 Nf6 5. Nc3 d6 6. h3 Be7 7. Bg5 0-0 8. 0-0 b6 9. Bxf6 Bxf6 10. Bd5 Bb7 11. Re1 Re8 12. Qd2 Qd7 13. Ne2 Ba6 14. Ng5 Rab8 15. Bxf7+ Kf8 16. Bxe8 Rxe8 17. Nxh7+ Kg8 18. Nxf6+ gxf6 19. Ng3 Ne7 20. Nh5 Rf8 21. Qh6 Rf7 22. Nxf6+ Rxf6 23. Qxf6 d5 24. Re3 d4 25. Rg3+ Ng6 26. Rxg6+ 1-0

[Event "CAN-ch U10"]
[Site "Vancouver"]
[Date "2012.07.03"]
[Round "2"]
[White "Pulfer, Luke"]
[Black "Smyth, Ryan"]
[Result "1-0"]
[WhiteElo "1667"]
[BlackElo "1110"]
[PlyCount "55"]
[EventDate "2012.07.03"]
[EventType "swiss"]
[EventRounds "7"]
[EventCountry "CAN"]
[SourceTitle "EXT 2022"]
[Source "ChessBase"]
[SourceDate "2021.10.06"]
[SourceVersion "1"]
[SourceVersionDate "2021.10.06"]
[SourceQuality "1"]

1. d4 Nf6 2. c4 e6 3. Nc3 Bb4 4. e3 Ne4 5. Qc2 0-0 6. Qxe4 Nc6 7. Nf3 b6 8. Be2 Bb7 9. Qc2 Qe7 10. 0-0 Bd6 11. h3 Qf6 12. d5 Qh6 13. dxc6 Bxc6 14. e4 Qg6 15. Kh1 Be7 16. b3 Bf6 17. Bd3 Qh5 18. Nh2 Be5 19. Be3 Bxh2 20. Kxh2 Qe5+ 21. f4 Qf6 22. Rf3 Qh4 23. Rg3 d5 24. e5 dxc4 25. Bxc4 Rad8 26. Rg4 Qe7 27. Ne4 f5 28. exf6 1-0

[Event "CAN-ch U10"]
[Site "Vancouver"]
[Date "2012.07.03"]
[Round "1"]
[White "Smyth, Ryan"]
[Black "Tang, Qiwen"]
[Result "1-0"]
[WhiteElo "1110"]
[BlackElo "474"]
[PlyCount "105"]
[EventDate "2012.07.03"]
[EventType "swiss"]
[EventRounds "7"]
[EventCountry "CAN"]
[SourceTitle "EXT 2022"]
[Source "ChessBase"]
[SourceDate "2021.10.06"]
[SourceVersion "1"]
[SourceVersionDate "2021.10.06"]
[SourceQuality "1"]

1. e4 e5 2. d4 Bb4+ 3. Bd2 Nc6 4. Bxb4 Nxb4 5. dxe5 d6 6. Nf3 Bg4 7. Be2 Qe7 8. 0-0 dxe5 9. Nc3 Nf6 10. Qc1 0-0-0 11. Qe3 Nxc2 12. Qxa7 Nxa1 13. Bb5 c6 14. Bxc6 Qc7 15. Nxe5 Rd2 16. Qa8+ Qb8 17. Qxb8+ Kxb8 18. Bb5 Rhd8 19. Rxa1 Rxb2 20. Nxf7 Rd4 21. h3 Be2 22. Nxe2 Rbd2 23. Nxd4 Rxd4 24. Ng5 Nxe4 25. Nxe4 Rxe4 26. Bd3 Rd4 27. Bxh7 g5 28. Bc2 Rc4 29. Bd1 b5 30. Rb1 b4 31. Be2 Rd4 32. a3 Kc7 33. Rxb4 Rd2 34. Rc4+ Kd6 35. Bf3 Ra2 36. Rd4+ Ke5 37. Rd5+ Kf6 38. g4 Rxa3 39. Be4 Rxh3 40. Kg2 Rh4 41. Kg3 Rh6 42. Rd6+ Kg7 43. Rxh6 Kxh6 44. f4 gxf4+ 45. Kxf4 Kg7 46. g5 Kf7 47. g6+ Kg7 48. Kf5 Kg8 49. Kf6 Kh8 50. g7+ Kg8 51. Bd5+ Kh7 52. g8Q+ Kh6 53. Qg6# 1-0